Kỹ thuật ghép táo, mận, hồng

Gorde:
Xehetasun bibliografikoak
Egile nagusia: Phạm Văn Côn
Formatua: Liburua
Argitaratua: H. Nông nghiệp 1979
Gaiak:
Etiketak: Etiketa erantsi
Etiketarik gabe, Izan zaitez lehena erregistro honi etiketa jartzen!
Thư viện lưu trữ: Trung tâm Học liệu Lê Vũ Hùng, Trường Đại học Đồng Tháp
LEADER 00675pam a22002298a 4500
001 00018655
005 20171026081022.0
008 110428s1979 ||||||Viesd
041 0 # |a Vie 
082 1 4 |a 631.5  |b K600T 
100 0 # |a Phạm Văn Côn 
245 0 0 |a Kỹ thuật ghép táo, mận, hồng  |c Phạm Văn Côn 
260 # # |a H.  |b Nông nghiệp  |c 1979 
300 # # |a 43tr.  |c 19cm. 
653 # # |a Hồng 
653 # # |a Táo 
653 # # |a Mận 
653 # # |a Kỹ thuật ghép 
852 # # |b Kho đọc  |j KD.0004035 
852 # # |j KD.0004035 
910 |d 28/04/2011 
980 # # |a Trung tâm Học liệu Lê Vũ Hùng, Trường Đại học Đồng Tháp